000 00767nmc a2200265 a 4500
003 AR-BaBNM
005 20251128202813.0
008 157019s1946 ||||||||||||||000 | spa||
040 _cAR-BaBNM
100 1 _aPiccirilli, Ricardo
245 1 0 _aRivadavia y Canning
_bGran Bretaña y la Independencia de América Latina
260 _aBuenos Aires
_bBiblioteca Popular
_c1946
300 _a22 p.
490 0 _aCuadernos de azul
600 1 4 _aRivadavia, Bernardino
600 1 4 _aCanning, Jorge
600 1 4 _aRivadavia, Bernardino
_d1826-1827
650 4 _aMISIONES DIPLOMATICAS
650 4 _aHISTORIA POLITICA ARGENTINA
650 4 _aNEGOCIACIONES DIPLOMATICAS
650 4 _aHISTORIA POLITICA
650 4 _aHISTORIA SOCIAL
942 _cBK
998 _cmariana
999 _c650
_d650